000
003200000a22001450004500
005
20120302064644.0
942
_c
BOOK
100
_a
Rajyashree, Ki.Su.
245
_a
Hawai Dainandini
260
_a
Pune: Anand Anant Antarkar
300
_a
217 p.
040
_a
mar
365
_b
Rs.60/-
650
_a
Sankirna/ hawai
999
_c
362730
_d
362727